Central Library OPAC University of Rajshahi

Prelude to downfall: Hitler and the United States 1939-1941 / (Record no. 42345)

MARC details
000 -LEADER
fixed length control field 01103nam a2200289 a 4500
001 - CONTROL NUMBER
control field 42345
003 - CONTROL NUMBER IDENTIFIER
rucl marc code BD-RjUL
005 - DATE AND TIME OF LATEST TRANSACTION
control field 20211209053528.0
008 - FIXED-LENGTH DATA ELEMENTS--GENERAL INFORMATION
fixed length control field 160611s1967 enk b 000 0 eng
035 ## - SYSTEM CONTROL NUMBER
System control number (BD-RjUL)42463
040 ## - CATALOGING SOURCE
Original cataloging agency DLC
Transcribing agency DLC
Modifying agency BD-RjUL
Language of cataloging eng
041 1# - LANGUAGE CODE
Language code of text/sound track or separate title engfre
082 00 - DEWEY DECIMAL CLASSIFICATION NUMBER
Classification number 327.43073
Edition number 19
Author mark and year FRP 1967
100 1# - MAIN ENTRY--PERSONAL NAME
Personal name Friedländer, Saul
Dates associated with a name 1932-
9 (RLIN) 130245
245 10 - TITLE STATEMENT
Title Prelude to downfall: Hitler and the United States 1939-1941 /
Statement of responsibility, etc. translated from the French by Aline B. and Alexander Werth.
260 ## - PUBLICATION, DISTRIBUTION, ETC. (IMPRINT)
Place of publication, distribution, etc. London :
Name of publisher, distributor, etc. Chatto & Windus,
Date of publication, distribution, etc. 1967.
300 ## - PHYSICAL DESCRIPTION
Pagination xi, 328, ix p. ;
Size 21 cm.
350 ## - PRICE (NR) (BK AM CF MU VM SE) [OBSOLETE]
Price 42/-
500 ## - GENERAL NOTE
General note Originally issued as thesis, Geneva, under title: Le rôle du facteur americain dans la politique etrangère et militaire de l'Allemagne.
504 ## - BIBLIOGRAPHY, ETC. NOTE
Bibliography, etc Bibliography: p. 315-328.
600 10 - SUBJECT ADDED ENTRY--PERSONAL NAME
Personal name Hitler, Adolf,
Dates associated with a name 1889-1945.
650 #0 - SUBJECT ADDED ENTRY--TOPICAL TERM
Topical term or geographic name as entry element World War, 1939-1945
Geographic subdivision Germany.
9 (RLIN) 130246
651 #0 - SUBJECT ADDED ENTRY--GEOGRAPHIC NAME
Geographic name Germany
General subdivision Foreign relations
Geographic subdivision United States.
9 (RLIN) 130247
Geographic name United States
General subdivision Foreign relations
Geographic subdivision Germany.
9 (RLIN) 130248
942 ## - ADDED ENTRY ELEMENTS (KOHA)
Source of classification or shelving scheme Dewey Decimal Classification
Koha item type Books
Holdings
Lost status Source of classification or shelving scheme Damaged status Not for loan Collection code Permanent Location Current Location Shelving location Date acquired Source of acquisition Cost, normal purchase price Total Checkouts Full call number Date last seen Copy number Koha item type
  Dewey Decimal Classification     Non-fiction Central Library, University of Rajshahi Central Library, University of Rajshahi   27/07/1972 Book Centre 46.20   327.43073 FRP 1967 12/06/2016 C-2 Books